LIBRARY & INFORMATION CENTRE, KCAET, TAVANUR

ONLINE PUBLIC ACCESS CATALOGUE (OPAC)

Wavelet Transforms / (Record no. 12366)

MARC details
000 -LEADER
fixed length control field 00429cam a2200169ua 4500
003 - CONTROL NUMBER IDENTIFIER
control field OSt
008 - FIXED-LENGTH DATA ELEMENTS--GENERAL INFORMATION
fixed length control field 250108b |||||||| |||| 00| 0 eng d
020 ## - INTERNATIONAL STANDARD BOOK NUMBER
ISBN 9788178082516
041 ## - LANGUAGE CODE
Language code of text/sound track or separate title eng
082 ## - DEWEY DECIMAL CLASSIFICATION NUMBER
Classification number 621.3822
Item number RAO/WA
100 ## - MAIN ENTRY--AUTHOR NAME
Personal name Rao , Raghuveer M .
245 ## - TITLE STATEMENT
Title Wavelet Transforms /
260 ## - PUBLICATION, DISTRIBUTION, ETC. (IMPRINT)
Place of publication :
Name of publisher Pearson Education Asia ,
Year of publication 2004.
300 ## - PHYSICAL DESCRIPTION
Number of Pages 310 ; .
700 1# - ADDED ENTRY--PERSONAL NAME
Personal name Bopardikar, Ajith S .
942 ## - ADDED ENTRY ELEMENTS (KOHA)
Koha item type Books
Holdings
Withdrawn status Lost status Damaged status Home library Current library Date acquired Full call number Accession Number Koha item type
      KAUAET KAUAET 07/04/2012 621.3822 RAO/WA 21022 Books
free website counter